<?xml version="1.0" encoding="UTF-8"?>
<record
    xmlns:xsi="http://www.w3.org/2001/XMLSchema-instance"
    xsi:schemaLocation="http://www.loc.gov/MARC21/slim http://www.loc.gov/standards/marcxml/schema/MARC21slim.xsd"
    xmlns="http://www.loc.gov/MARC21/slim">

  <leader>01913nam a22002417a 4500</leader>
  <datafield tag="999" ind1=" " ind2=" ">
    <subfield code="c">22136</subfield>
    <subfield code="d">22136</subfield>
  </datafield>
  <controlfield tag="003">AR-CdUCM</controlfield>
  <controlfield tag="008">190605b           ||||| |||| 00| 0 spa d</controlfield>
  <datafield tag="040" ind1=" " ind2=" ">
    <subfield code="a">MUNICIPALIDAD PROVINCIAL DEL CUSCO</subfield>
    <subfield code="c">BIBLIOTECA MUNICIPAL DEL CUSCO</subfield>
  </datafield>
  <datafield tag="082" ind1=" " ind2=" ">
    <subfield code="a">Pumacahua/N&#xB0;25-26/1965</subfield>
  </datafield>
  <datafield tag="245" ind1=" " ind2=" ">
    <subfield code="a">Revista Pumacahua /</subfield>
    <subfield code="c">Colegio Mateo Pumacahua Sicuani</subfield>
  </datafield>
  <datafield tag="260" ind1=" " ind2=" ">
    <subfield code="a">Sicuani.</subfield>
    <subfield code="b">Santa Rosa,</subfield>
    <subfield code="c">1965.</subfield>
  </datafield>
  <datafield tag="300" ind1=" " ind2=" ">
    <subfield code="a">237 p&#xE1;ginas. :</subfield>
    <subfield code="b">ilustraciones ;</subfield>
    <subfield code="c">28 cm.</subfield>
  </datafield>
  <datafield tag="440" ind1=" " ind2=" ">
    <subfield code="a">Revista Pumacahua.</subfield>
    <subfield code="n">A&#xF1;o XXVI, 21 de setiembre de 1965, N&#xB0;25-26.</subfield>
    <subfield code="9">47519</subfield>
  </datafield>
  <datafield tag="505" ind1=" " ind2=" ">
    <subfield code="a">Contenido: Portada interpretativa. Guillermo Aguilar. -- Filosof&#xED;a y educaci&#xF3;n nacional. Guillermo Aguilar Claros. -- Colegio y comunidad. Nicomedes Laguna. -- Existi&#xF3; en el incanato un procedimiento natural que permiti&#xF3; crear hombres sanos y fuertes. -- Nueva formula para hallar la mediana de un triangulo. -- La m&#xFA;sica. Mary de Cornejo. -- Apuntes para la historia de mi colegio. Segundo Durant Teves -- Recortes valiosos que documentan la creaci&#xF3;n de la hoy gran Unidad Escolar Mateo Pumacahua. Dar&#xED;o Olave. -- En memoria del General Don Ernesto Montagne Markholz. -- Clorinda Matto de Turner escritora cuzque&#xF1;a. Andr&#xE9;s Tapia. -- Recuerdo eterno del gran Mariscal del Per&#xFA; don Ram&#xF3;n Castilla Marquesado. -- La antigua Canas y Canchis. Agusto Cerrillo. --  El CLIII Aniversario del grito de Libertad. -- Documentos hist&#xF3;ricos. arbitrio colegio Sicuani Ley N&#xB0;280. -- Los educadores y las promociones. -- Discursos pronunciados por autoridades en las bodas de plata de la GUE Mateo Pumacahua. -- Festejos de las bodas de plata del Colegio Mateo Pumacahua, secci&#xF3;n gr&#xE1;fica. ...</subfield>
  </datafield>
  <datafield tag="650" ind1=" " ind2=" ">
    <subfield code="a">Colegios del Cusco</subfield>
    <subfield code="9">24467</subfield>
  </datafield>
  <datafield tag="650" ind1=" " ind2=" ">
    <subfield code="a">Historia institucional</subfield>
    <subfield code="9">47480</subfield>
  </datafield>
  <datafield tag="650" ind1=" " ind2=" ">
    <subfield code="a">Historia del Cusco</subfield>
    <subfield code="9">1714</subfield>
  </datafield>
  <datafield tag="650" ind1=" " ind2=" ">
    <subfield code="a">Literatura cusque&#xF1;a</subfield>
    <subfield code="9">47520</subfield>
  </datafield>
  <datafield tag="650" ind1=" " ind2=" ">
    <subfield code="a">Siglo XX</subfield>
    <subfield code="9">47518</subfield>
  </datafield>
  <datafield tag="700" ind1=" " ind2=" ">
    <subfield code="a">Nieto Miranda, Luis</subfield>
    <subfield code="9">31822</subfield>
  </datafield>
  <datafield tag="942" ind1=" " ind2=" ">
    <subfield code="2">ddc</subfield>
    <subfield code="c">PP</subfield>
  </datafield>
  <datafield tag="945" ind1=" " ind2=" ">
    <subfield code="a">rac</subfield>
  </datafield>
  <datafield tag="952" ind1=" " ind2=" ">
    <subfield code="0">0</subfield>
    <subfield code="2">ddc</subfield>
    <subfield code="4">0</subfield>
    <subfield code="7">0</subfield>
    <subfield code="a">HEM</subfield>
    <subfield code="b">HEM</subfield>
    <subfield code="c">CART</subfield>
    <subfield code="d">2022-03-11</subfield>
    <subfield code="g">5.00</subfield>
    <subfield code="o">Pumacahua/N&#xB0;25-26/1965</subfield>
    <subfield code="p">REVC000662</subfield>
    <subfield code="r">2022-03-11</subfield>
    <subfield code="y">PP</subfield>
  </datafield>
</record>
